[Event "Madrid Oliver Gonzalez Memorial-B 3rd"]
[Site "Madrid"]
[Date "2012.09.06"]
[Round "6"]
[White "Cabedo Marquez, Ramon"]
[Black "Mateos Cordero, Francisco"]
[Result "0-1"]
[WhiteElo "1751"]
[BlackElo "1506"]
[PlyCount "172"]
[EventDate "2012.09.01"]
[EventType "swiss"]
[EventRounds "9"]
[EventCountry "ESP"]
[SourceTitle "CBM 150 Extra"]
[Source "ChessBase"]
[SourceDate "2012.10.19"]
[SourceVersion "1"]
[SourceVersionDate "2012.10.19"]
[SourceQuality "1"]

1. d4 d5 2. g3 c6 3. Bg2 Nf6 4. Nc3 Bf5 5. Nf3 Nbd7 6. 0-0 e6 7. Re1 Be7 8. Nh4 Bg6 9. Nxg6 hxg6 10. e4 dxe4 11. Nxe4 Nxe4 12. Bxe4 Nf6 13. Bf3 Qc7 14. c4 Bb4 15. Bd2 Qa5 16. Bxb4 Qxb4 17. b3 Qa5 18. d5 0-0-0 19. Qc2 exd5 20. cxd5 Nxd5 21. Bxd5 Qxd5 22. Rad1 Qh5 23. Rxd8+ Rxd8 24. a4 Qd5 25. b4 Qd2 26. Qe4 Qd5 27. b5 Qxe4 28. Rxe4 cxb5 29. axb5 Kc7 30. Re7+ Rd7 31. Re3 Kb6 32. Re5 a5 33. bxa6 Kxa6 34. h4 b5 35. h5 gxh5 36. Rxh5 b4 37. Re5 b3 38. Re2 Kb5 39. Kf1 Kb4 40. Re8 Rc7 41. Ke1 b2 42. Kd2 Rb7 43. Kc2 Kc4 44. Kb1 g5 45. g4 Rb6 46. Re7 f6 47. Re8 Kd5 48. Re2 Rb4 49. f3 Rb3 50. Re8 Rxf3 51. Kxb2 Rf4 52. Kc3 Rxg4 53. Kd3 Rg1 54. Ke2 Rg4 55. Kf3 Rf4+ 56. Kg3 Re4 57. Ra8 Ke6 58. Re8+ Kf5 59. Ra8 Re3+ 60. Kf2 Rb3 61. Ra5+ Kg6 62. Kg2 f5 63. Ra6+ Kh5 64. Ra8 Kg4 65. Ra4+ f4 66. Ra2 Kh4 67. Kf2 Kh3 68. Ra5 Kg4 69. Ra2 Rg3 70. Ra4 Kh3 71. Ra5 Kg4 72. Ra4 Rh3 73. Kg2 Re3 74. Kf2 Re5 75. Ra2 Kf5 76. Ra8 g4 77. Rf8+ Ke4 78. Ke2 g3 79. Rf7 Re6 80. Rf8 Ke5 81. Kf3 Rf6 82. Re8+ Kf5 83. Re4 Kg5 84. Re8 Rg6 85. Re5+ Kf6 86. Kxf4 g2 0-1